[Event "XV C.to Mondiale Seniores Over 50"]
[Site "Acqui Terme ITA"]
[Date "2015.11.19"]
[Round "9"]
[White "Kalegin, Evgenij"]
[Black "Julia, Ernesto"]
[WhiteElo "2440"]
[BlackElo "2356"]
[Result "1-0"]
[PlyCount "75"]
[EventDate "2015.11.10"]

1. e4 c5 2. Nf3 d6 3. c3 Nf6 4. h3 Nc6 5. Bd3 d5 6. e5 Nd7 7. Bb5 Qa5 8. c4 Nd4
9. Na3 Nxb5 10. cxb5 e6 11. O-O d4 12. d3 Qc7 13. Nc4 h6 14. Bf4 Nb6 15. Nfd2
Nxc4 16. Nxc4 b6 17. Rc1 Bb7 18. Qg4 Qd7 19. a4 Bd5 20. b4 Rc8 21. Nd6+ Bxd6
22. Qxg7 Rf8 23. exd6 f6 24. Qxh6 Qf7 25. bxc5 bxc5 26. Bg3 e5 27. Rfe1 Kd7 28.
Qd2 Kxd6 29. f4 Rg8 30. Qf2 Rxg3 31. fxe5+ fxe5 32. Qxg3 Qe6 33. Rc2 Rg8 34.
Qh4 Qg6 35. Rf2 Ke6 36. Rxe5+ Kxe5 37. Qe7+ Be6 38. Qxc5+ 1-0

[Event "XV C.to Mondiale Seniores Over 50"]
[Site "Acqui Terme ITA"]
[Date "2015.11.19"]
[Round "9"]
[White "Llanos, Guillermo"]
[Black "Frick, Christoph"]
[WhiteElo "2388"]
[BlackElo "2241"]
[Result "1-0"]
[PlyCount "115"]
[EventDate "2015.11.10"]

1. b3 e5 2. Bb2 Nc6 3. e3 d6 4. Nf3 Nf6 5. d4 exd4 6. Nxd4 Be7 7. Bb5 Bd7 8.
Bxc6 bxc6 9. Qf3 d5 10. Nf5 Bxf5 11. Qxf5 O-O 12. Nd2 Qd7 13. Qxd7 Nxd7 14.
O-O-O Nc5 15. Bd4 Rfe8 16. Bxc5 Bxc5 17. Nf3 Re6 18. Kb2 Rae8 19. Rd2 Kf8 20.
Rc1 Rg6 21. Ne1 Re4 22. c3 h5 23. a3 h4 24. g3 Rf6 25. Nd3 Bd6 26. b4 h3 27.
Kb3 Rf3 28. Ne1 Rf5 29. Nc2 Rc4 30. Nd4 Re5 31. Rcc2 g5 32. a4 Kg7 33. f4 gxf4
34. exf4 Re4 35. b5 cxb5 36. axb5 Kf6 37. Rd3 Re1 38. Rb2 Ra1 39. Nc2 Rh1 40.
Rxd5 Rc5 41. Ne3 Rxd5 42. Nxd5+ Kf5 43. Kc4 Ke4 44. Nf6+ Kf3 45. Ne8 Rg1 46.
Ra2 Rg2 47. Rxa7 Rxh2 48. Nxd6 cxd6 49. Rxf7 Kxg3 50. f5 Re2 51. Rg7+ Kf3 52.
f6 h2 53. Rh7 Kg2 54. b6 Rf2 55. b7 Rb2 56. f7 d5+ 57. Kd4 Rxb7 58. Rxh2+ 1-0

[Event "XV C.to Mondiale Seniores Over 50"]
[Site "Acqui Terme ITA"]
[Date "2015.11.19"]
[Round "9"]
[White "Mohr, Georg"]
[Black "Yasin, Hur"]
[WhiteElo "2443"]
[BlackElo "2092"]
[Result "1-0"]
[PlyCount "73"]
[EventDate "2015.11.10"]

1. Nf3 c5 2. c4 Nc6 3. Nc3 g6 4. e3 Bg7 5. d4 cxd4 6. exd4 d6 7. h3 Nf6 8. d5
Nb8 9. Be2 O-O 10. O-O Na6 11. Nd4 Nc7 12. Re1 e5 13. dxe6 fxe6 14. Bf3 d5 15.
cxd5 Nfxd5 16. Nxd5 exd5 17. Be3 Qd6 18. Qb3 Bd7 19. Rac1 Rab8 20. a4 Kh8 21.
Ne2 d4 22. Bxd4 Bxd4 23. Nxd4 Na6 24. Nb5 Qf6 25. Qc3 b6 26. Re7 Qxc3 27. Rxc3
Rbd8 28. Nd6 Be8 29. Nxe8 Rfxe8 30. Rxa7 Nc5 31. a5 Na4 32. Rcc7 bxa5 33. Rxh7+
Kg8 34. Rhg7+ Kh8 35. Rxg6 Nxb2 36. Rxa5 Kh7 37. Rg4 1-0

[Event "XV C.to Mondiale Seniores Over 50"]
[Site "Acqui Terme ITA"]
[Date "2015.11.19"]
[Round "9"]
[White "Nikolic, Predrag"]
[Black "Ivanov, Alexander"]
[WhiteElo "2603"]
[BlackElo "2506"]
[Result "1-0"]
[PlyCount "119"]
[EventDate "2015.11.10"]

1. d4 Nf6 2. c4 e6 3. Nf3 b6 4. g3 Ba6 5. Qa4 Bb7 6. Bg2 c5 7. dxc5 bxc5 8. O-O
Be7 9. Nc3 O-O 10. Bf4 Qb6 11. Rfd1 Rd8 12. Rab1 Nc6 13. Bd6 Bxd6 14. Rxd6 Qc7
15. Rbd1 a6 16. Qc2 Rab8 17. R6d2 h6 18. b3 d6 19. h3 Rd7 20. a3 Ba8 21. Rb1
Rdd8 22. Qc1 Qe7 23. Ne1 Ne5 24. Bxa8 Rxa8 25. Nd3 Nxd3 26. Rxd3 d5 27. cxd5
exd5 28. Qc2 Rac8 29. h4 Qe6 30. Qd1 d4 31. Na4 Re8 32. Rc1 c4 33. bxc4 Rxc4
34. Rxc4 Qxc4 35. Rxd4 Qxe2 36. Qxe2 Rxe2 37. Nc5 Re5 38. Rc4 a5 39. Kf1 g5 40.
hxg5 hxg5 41. Nb3 Rb5 42. Nd4 Rb1+ 43. Kg2 Ne4 44. Nf5 Nd2 45. Rc5 Rb2 46. Nd6
f6 47. Rxa5 Ra2 48. Ra7 g4 49. Ra4 Kf8 50. Nf5 Nb1 51. Ra6 Kf7 52. Nh6+ Kg7 53.
Nxg4 f5 54. Ne3 f4 55. Nf5+ Kf8 56. g4 Nd2 57. Ra4 f3+ 58. Kg3 Ke8 59. Kf4 Rc2
60. g5 1-0

[Event "XV C.to Mondiale Seniores Over 50"]
[Site "Acqui Terme ITA"]
[Date "2015.11.19"]
[Round "9"]
[White "Ribbegren, Karl Johan"]
[Black "Bellia, Fabrizio"]
[WhiteElo "2249"]
[BlackElo "2452"]
[Result "0-1"]
[PlyCount "122"]
[EventDate "2015.11.10"]

1. Nf3 Nf6 2. d4 d5 3. Bf4 c5 4. e3 Nc6 5. Nbd2 Qb6 6. dxc5 Qxc5 7. c3 g6 8.
Be2 Bg7 9. O-O O-O 10. a4 a5 11. Nb3 Qb6 12. Bb5 Rd8 13. Ne5 Nh5 14. Nd3 Na7
15. Bg5 Nxb5 16. axb5 Nf6 17. Nd4 h6 18. Bxf6 Bxf6 19. f4 Bxd4 20. exd4 Qxb5
21. Rf2 Bf5 22. Ne5 h5 23. h3 Kg7 24. Qe1 Ra6 25. g4 Be4 26. f5 g5 27. Qe3 f6
28. Ng6 e6 29. h4 Qd3 30. Qxd3 Bxd3 31. hxg5 hxg4 32. gxf6+ Kxf6 33. Ne5 Bxf5
34. Nxg4+ Ke7 35. Ne5 Rg8+ 36. Kf1 Rg7 37. Ke2 Ra8 38. Ra3 a4 39. c4 dxc4 40.
Nxc4 b5 41. Ne3 Be4 42. Rc3 Kd6 43. Rc5 a3 44. bxa3 Rxa3 45. Nd1 Rgg3 46. Ke1
Ra1 47. Ke2 Ra2+ 48. Ke1 Ra1 49. Ke2 b4 50. Nb2 Ra2 51. Kf1 Bd5 52. Nc4+ Bxc4+
53. Rxc4 Ra1+ 54. Ke2 b3 55. Rb4 Ra2+ 56. Kf1 Rc3 57. Re2 Rc1+ 58. Kf2 Rcc2 59.
Rb6+ Kd5 60. Rb5+ Kxd4 61. Rb4+ Kc3 0-1

[Event "XV C.to Mondiale Seniores Over 50"]
[Site "Acqui Terme ITA"]
[Date "2015.11.19"]
[Round "9"]
[White "Soylu, Suat"]
[Black "Garcia Palermo, Carlos"]
[WhiteElo "2377"]
[BlackElo "2446"]
[Result "0-1"]
[PlyCount "80"]
[EventDate "2015.11.10"]

1. e4 d6 2. d4 Nf6 3. Nc3 e5 4. Nf3 Nbd7 5. Bc4 Be7 6. O-O Nb6 7. Be2 exd4 8.
Qxd4 O-O 9. Bg5 h6 10. Bh4 c5 11. Qe3 Ng4 12. Bxe7 Qxe7 13. Qf4 Be6 14. Rad1
Rad8 15. Rd2 Ne5 16. Rdd1 Ng6 17. Qg3 d5 18. exd5 Nxd5 19. Nxd5 Bxd5 20. Bd3
Qf6 21. Bxg6 fxg6 22. Ne5 g5 23. b3 Qf5 24. c4 Be4 25. Ng4 Qf4 26. Ne3 Rd4 27.
h3 Rfd8 28. Qg4 Rd2 29. Qxf4 gxf4 30. Nd5 Rxd1 31. Rxd1 Bxd5 32. cxd5 Kf7 33.
g3 fxg3 34. f4 Ke7 35. Kg2 Kd6 36. Kxg3 b5 37. Kf3 Re8 38. Rd2 Re7 39. a3 c4
40. b4 c3 0-1

[Event "XV C.to Mondiale Seniores Over 50"]
[Site "Acqui Terme ITA"]
[Date "2015.11.19"]
[Round "9"]
[White "Van Hoolandt, Patrick"]
[Black "Berend, Fred"]
[WhiteElo "2148"]
[BlackElo "2347"]
[Result "0-1"]
[PlyCount "64"]
[EventDate "2015.11.10"]

1. d4 d6 2. Nf3 g6 3. c4 Bg7 4. e4 Bg4 5. Be2 Nc6 6. Be3 e5 7. dxe5 Bxf3 8.
Bxf3 dxe5 9. Qa4 Nge7 10. Nc3 O-O 11. O-O Nd4 12. Bd1 Nec6 13. c5 Qb8 14. Qc4
Re8 15. b4 Nd8 16. f4 c6 17. f5 Kh8 18. f6 Bf8 19. Bxd4 b5 20. Bxe5 Qxe5 21.
Qb3 a5 22. bxa5 b4 23. Rc1 Bxc5+ 24. Kh1 Bd6 25. g3 bxc3 26. Rxc3 Rxa5 27. a4
Rxa4 28. Rxc6 Ra3 29. Qc4 Nxc6 30. Qxf7 Bf8 31. Bb3 Qxe4+ 32. Kg1 Bc5+ 0-1

[Event "XV C.to Mondiale Seniores Over 50"]
[Site "Acqui Terme ITA"]
[Date "2015.11.19"]
[Round "9"]
[White "Wiedenkeller, Michael"]
[Black "Roselli Mailhe, Bernardo"]
[WhiteElo "2454"]
[BlackElo "2409"]
[Result "0-1"]
[PlyCount "84"]
[EventDate "2015.11.10"]

1. c4 e5 2. g3 Nc6 3. Nc3 a6 4. e3 Bc5 5. Nf3 d6 6. d4 exd4 7. exd4 Ba7 8. Bg2
Nge7 9. d5 Ne5 10. Nxe5 dxe5 11. O-O O-O 12. Be3 Bxe3 13. fxe3 Qd6 14. Ne4 Qh6
15. Qf3 f5 16. Rad1 Ng6 17. Nc3 e4 18. Qe2 Ne5 19. Rfe1 Bd7 20. Rd4 b6 21. Qd2
Qd6 22. Nd1 h5 23. Nf2 h4 24. gxh4 Rf6 25. Nh3 Rg6 26. Kh1 Rh6 27. Qf2 Ng4 28.
Qg3 Rxh4 29. Kg1 Rh6 30. Rd2 Ne5 31. Rc2 Rg6 32. Qf2 Nf3+ 33. Kf1 Nxe1 34. Qxe1
Qxh2 35. Nf4 Rg4 36. Rd2 Re8 37. Rf2 g5 38. Ne2 f4 39. Qc3 Rxg2 40. Rxg2 Bh3
41. Nxf4 Bxg2+ 42. Nxg2 Rf8+ 0-1

[Event "XV C.to Mondiale Seniores Over 50"]
[Site "Acqui Terme ITA"]
[Date "2015.11.20"]
[Round "10"]
[White "Arkell, Keith C"]
[Black "Sorm, Daniel"]
[WhiteElo "2499"]
[BlackElo "2353"]
[Result "1-0"]
[PlyCount "93"]
[EventDate "2015.11.10"]

1. d4 c5 2. d5 e5 3. e4 d6 4. Nc3 g6 5. Nf3 Bg7 6. h4 Nf6 7. a4 O-O 8. Be2 Nbd7
9. Nd2 Ne8 10. h5 f5 11. hxg6 hxg6 12. Nc4 Nb6 13. Ne3 f4 14. Ng4 Qg5 15. f3
Nd7 16. Bd2 Ndf6 17. Nxf6+ Qxf6 18. Nb5 Qe7 19. b4 Bf6 20. bxc5 dxc5 21. Bc4
Nd6 22. Nxd6 Qxd6 23. Qb1 Rb8 24. a5 Kg7 25. g4 Bd7 26. Ke2 Rh8 27. Rxh8 Kxh8
28. Qb3 Kg7 29. Rh1 b5 30. axb6 axb6 31. Bb5 Bxb5+ 32. Qxb5 Rh8 33. Rxh8 Kxh8
34. Kd3 Bd8 35. Kc4 Qe7 36. Qc6 Qa7 37. Kb5 Kh7 38. d6 Kh6 39. Qe8 Bf6 40. d7
Qc7 41. Bc3 c4 42. Bb4 Qd8 43. Bf8+ Kg5 44. Bg7 Be7 45. Bxe5 c3 46. Bc7 Qxd7+
47. Qxd7 1-0

[Event "XV C.to Mondiale Seniores Over 50"]
[Site "Acqui Terme ITA"]
[Date "2015.11.20"]
[Round "10"]
[White "Barle, Janez"]
[Black "Bagaturov, Giorgi"]
[WhiteElo "2333"]
[BlackElo "2397"]
[Result "0-1"]
[PlyCount "88"]
[EventDate "2015.11.10"]

1. e4 c5 2. Ne2 Nc6 3. Nbc3 d6 4. g3 g6 5. Bg2 Bg7 6. d3 e6 7. O-O Nge7 8. Bg5
O-O 9. Qd2 Rb8 10. Bh6 e5 11. Bxg7 Kxg7 12. f4 f6 13. h3 b5 14. g4 b4 15. Nd5
Nxd5 16. exd5 Ne7 17. g5 Nf5 18. gxf6+ Qxf6 19. c4 bxc3 20. bxc3 Bd7 21. Rae1
Rfe8 22. fxe5 Rxe5 23. d4 cxd4 24. Nxd4 Rbe8 25. Nc6 Rxe1 26. Rxe1 Rxe1+ 27.
Qxe1 Qg5 28. Qf2 Nh4 29. Kh2 Nxg2 30. Qxa7 Qf5 31. Qd4+ Kf7 32. Kxg2 Qxh3+ 33.
Kf2 Qh2+ 34. Ke1 Qh1+ 35. Kd2 Qg2+ 36. Ke1 Bxc6 37. dxc6 Qxc6 38. a4 h5 39. a5
Ke6 40. c4 Qh1+ 41. Kd2 Qg2+ 42. Kc1 Qg5+ 43. Kc2 Qxa5 44. Qe4+ Kf6 0-1

[Event "XV C.to Mondiale Seniores Over 50"]
[Site "Acqui Terme ITA"]
[Date "2015.11.20"]
[Round "10"]
[White "Bellia, Fabrizio"]
[Black "Wueest, Andrin"]
[WhiteElo "2452"]
[BlackElo "2225"]
[Result "1-0"]
[PlyCount "81"]
[EventDate "2015.11.10"]

1. e4 d6 2. d4 g6 3. Nf3 Bg7 4. Nc3 a6 5. a4 b6 6. Bc4 e6 7. O-O h6 8. Be3 Bb7
9. h3 Ne7 10. Nh2 O-O 11. Qd2 Kh7 12. d5 exd5 13. Nxd5 Nd7 14. Bd4 Bxd4 15.
Qxd4 Bxd5 16. exd5 Nf5 17. Qd2 Qg5 18. f4 Qh4 19. Rae1 Rfe8 20. Rxe8 Rxe8 21.
Bxa6 Nc5 22. Bb5 Re3 23. Bd3 Nxd3 24. cxd3 Qe7 25. Ng4 Re2 26. Qc3 Ng7 27. Nf6+
Kh8 28. Kh2 h5 29. b4 Qe3 30. Ne4 f5 31. Ng5 h4 32. Rf3 Qe7 33. a5 bxa5 34.
bxa5 Kg8 35. Qd4 Ne8 36. Rf2 Re1 37. a6 c5 38. dxc6 Nc7 39. Rb2 Nxa6 40. Rb7
Nc7 41. Qa7 1-0

[Event "XV C.to Mondiale Seniores Over 50"]
[Site "Acqui Terme ITA"]
[Date "2015.11.20"]
[Round "10"]
[White "Berend, Fred"]
[Black "Bruno, Fabio"]
[WhiteElo "2347"]
[BlackElo "2420"]
[Result "1-0"]
[PlyCount "81"]
[EventDate "2015.11.10"]

1. c4 e6 2. Nf3 d5 3. g3 Nf6 4. Bg2 c6 5. b3 Nbd7 6. O-O Bd6 7. Bb2 O-O 8. Qc2
Qe7 9. d3 a5 10. Nc3 Nc5 11. Rac1 Re8 12. d4 Nce4 13. Nd1 h5 14. Ne5 h4 15. c5
Bc7 16. f3 Nxg3 17. hxg3 hxg3 18. e3 Nh7 19. f4 Qh4 20. Bh1 Nf6 21. Qg2 Ne4 22.
Bc3 f6 23. Nf3 Qg4 24. Be1 Kf7 25. Nc3 Rh8 26. Qc2 Bd7 27. Bg2 Qg6 28. Nd2 Qh7
29. Rf3 g5 30. Ndxe4 dxe4 31. Nxe4 Qh2+ 32. Kf1 gxf4 33. exf4 Rag8 34. Bxg3 Qh5
35. Kf2 Ke7 36. Re1 Qf5 37. Qd3 Rh6 38. Nc3 Qg4 39. d5 cxd5 40. Nxd5+ Kf7 41.
Ne3 1-0

[Event "XV C.to Mondiale Seniores Over 50"]
[Site "Acqui Terme ITA"]
[Date "2015.11.20"]
[Round "10"]
[White "Cummings, David H"]
[Black "Efimov, Igor"]
[WhiteElo "2307"]
[BlackElo "2408"]
[Result "1/2-1/2"]
[PlyCount "43"]
[EventDate "2015.11.10"]

1. d4 d5 2. c4 dxc4 3. e3 Nf6 4. Bxc4 e6 5. Nf3 c5 6. O-O a6 7. dxc5 Qxd1 8.
Rxd1 Bxc5 9. Be2 Nc6 10. Nbd2 O-O 11. Nb3 Be7 12. Bd2 b6 13. Nfd4 Nxd4 14. Nxd4
Bb7 15. f3 Rac8 16. e4 Rfd8 17. Be3 Nd7 18. Nb3 Kf8 19. Kf1 Ke8 20. Rac1 Rxc1
21. Rxc1 Rc8 22. Rxc8+ 1/2-1/2

[Event "XV C.to Mondiale Seniores Over 50"]
[Site "Acqui Terme ITA"]
[Date "2015.11.20"]
[Round "10"]
[White "Ivanov, Alexander"]
[Black "Llanos, Guillermo"]
[WhiteElo "2506"]
[BlackElo "2388"]
[Result "1-0"]
[PlyCount "65"]
[EventDate "2015.11.10"]

1. e4 d5 2. exd5 Qxd5 3. Nc3 Qd8 4. d4 Nf6 5. Nf3 Bg4 6. h3 Bxf3 7. Qxf3 c6 8.
Be3 e6 9. Bd3 Nbd7 10. O-O-O Nd5 11. Nxd5 cxd5 12. Kb1 Be7 13. c4 Nf6 14. c5
O-O 15. g4 Nd7 16. Qe2 Nb8 17. Qc2 g6 18. h4 Nc6 19. h5 Nb4 20. Qe2 Nxd3 21.
Rxd3 Qd7 22. Bh6 Rfe8 23. hxg6 fxg6 24. Qe5 Bd8 25. Rdh3 Bc7 26. Qe3 e5 27. Bg5
exd4 28. Qd3 Be5 29. f4 Bg7 30. Rxh7 Qe6 31. Rxg7+ Kxg7 32. Qxd4+ Kg8 33. Qd3
1-0

[Event "XV C.to Mondiale Seniores Over 50"]
[Site "Acqui Terme ITA"]
[Date "2015.11.20"]
[Round "10"]
[White "Kalegin, Evgenij"]
[Black "Nikolic, Predrag"]
[WhiteElo "2440"]
[BlackElo "2603"]
[Result "1/2-1/2"]
[PlyCount "62"]
[EventDate "2015.11.10"]

1. e4 e5 2. Nf3 Nc6 3. Bb5 a6 4. Ba4 Nf6 5. O-O Be7 6. Re1 b5 7. Bb3 d6 8. c3
O-O 9. h3 h6 10. d4 Re8 11. Nbd2 Bf8 12. Nf1 Bd7 13. Ng3 Na5 14. Bc2 c5 15. d5
Nc4 16. a4 Nb6 17. a5 Nc4 18. b4 Qc7 19. Bd3 Rac8 20. Nd2 Nxd2 21. Bxd2 g6 22.
Rc1 c4 23. Bc2 Bg7 24. Rf1 Re7 25. Be3 Rf8 26. Qd2 Kh7 27. f4 exf4 28. Rxf4 Ng8
29. Rcf1 Be5 30. R4f3 Qd8 31. Ne2 Qe8 1/2-1/2

[Event "XV C.to Mondiale Seniores Over 50"]
[Site "Acqui Terme ITA"]
[Date "2015.11.20"]
[Round "10"]
[White "McKay, Roderick M"]
[Black "Kristiansen, Jens"]
[WhiteElo "2344"]
[BlackElo "2420"]
[Result "0-1"]
[PlyCount "77"]
[EventDate "2015.11.10"]

1. f4 Nf6 2. Nf3 d6 3. d3 Nc6 4. e4 e5 5. Be2 g6 6. O-O Bg7 7. Nc3 O-O 8. Kh1
h6 9. fxe5 dxe5 10. Be3 Be6 11. Qe1 Nd4 12. Bd1 Nd7 13. Qg3 c6 14. a3 Kh7 15.
Bd2 Qe7 16. Nxd4 exd4 17. Ne2 Be5 18. Bf4 f6 19. c3 c5 20. cxd4 cxd4 21. Bxe5
fxe5 22. Ba4 Nc5 23. Bc2 Qg5 24. Qxg5 hxg5 25. Ng1 g4 26. b4 Nb3 27. Bxb3 Bxb3
28. h3 Bc2 29. hxg4 Bxd3 30. Rfe1 Bc2 31. Nf3 d3 32. Rf1 Kg7 33. g3 Rxf3 34.
Rxf3 d2 35. Rff1 Rd8 36. Rfd1 Bxe4+ 37. Kg1 Bf3 38. g5 e4 39. Kf2 0-1

[Event "XV C.to Mondiale Seniores Over 50"]
[Site "Acqui Terme ITA"]
[Date "2015.11.20"]
[Round "10"]
[White "Roselli Mailhe, Bernardo"]
[Black "Mohr, Georg"]
[WhiteElo "2409"]
[BlackElo "2443"]
[Result "1/2-1/2"]
[PlyCount "20"]
[EventDate "2015.11.10"]

1. d4 d6 2. c4 g6 3. Nc3 Bg7 4. Nf3 c5 5. dxc5 Bxc3+ 6. bxc3 dxc5 7. Qxd8+ Kxd8
8. Ng5 Ke8 9. g3 Bd7 10. Bg2 Bc6 1/2-1/2

[Event "XV C.to Mondiale Seniores Over 50"]
[Site "Acqui Terme ITA"]
[Date "2015.11.20"]
[Round "10"]
[White "Rozentalis, Eduardas"]
[Black "Garcia Palermo, Carlos"]
[WhiteElo "2553"]
[BlackElo "2446"]
[Result "1/2-1/2"]
[PlyCount "83"]
[EventDate "2015.11.10"]

1. e4 c6 2. c4 d5 3. exd5 cxd5 4. d4 Nf6 5. Nc3 e6 6. Nf3 Bb4 7. cxd5 exd5 8.
Bd3 O-O 9. O-O Bg4 10. Bg5 Bxc3 11. bxc3 Nbd7 12. c4 dxc4 13. Bxc4 Qa5 14. Qd2
Qxd2 15. Nxd2 h6 16. Bh4 Rfe8 17. Rfe1 Rxe1+ 18. Rxe1 Rc8 19. f3 Be6 20. Rxe6
fxe6 21. Bxf6 Kf7 22. Be5 Nxe5 23. dxe5 b5 24. Bxb5 Rc2 25. Ne4 Rxa2 26. f4 Ke7
27. g4 a5 28. f5 a4 29. Nc3 Ra1+ 30. Kf2 a3 31. Ke3 a2 32. Be2 Kf7 33. h4 Ke7
34. h5 Kf7 35. Nxa2 Rxa2 36. Bc4 Ra3+ 37. Ke4 Ra4 38. Kd4 Ke7 39. fxe6 Rb4 40.
Kd3 Ra4 41. Kd4 Rb4 42. Ke4 1/2-1/2

[Event "XV C.to Mondiale Seniores Over 50"]
[Site "Acqui Terme ITA"]
[Date "2015.11.20"]
[Round "10"]
[White "Vepkhvishvili, Varlam"]
[Black "Soylu, Suat"]
[WhiteElo "2106"]
[BlackElo "2377"]
[Result "0-1"]
[PlyCount "92"]
[EventDate "2015.11.10"]

1. d4 Nf6 2. c3 e6 3. Bf4 c5 4. e3 Nc6 5. Nf3 Nh5 6. Bg5 Qb6 7. Qb3 h6 8. Bh4
g5 9. Bg3 Nxg3 10. hxg3 Bg7 11. Qxb6 axb6 12. Na3 d5 13. Be2 Ke7 14. O-O Bd7
15. Rfd1 f5 16. Nc2 Bf6 17. Bb5 h5 18. Bxc6 Bxc6 19. Nce1 Bb5 20. Nd3 Kd6 21.
Nfe5 Rh7 22. f4 Rg8 23. a4 Bxd3 24. Rxd3 h4 25. gxh4 gxh4 26. Kh2 Rg3 27. a5 c4
28. Rd2 bxa5 29. Rxa5 Rxe3 30. Rb5 Bxe5 31. fxe5+ Kc6 32. Rc5+ Kd7 33. b3 Rxc3
34. bxc4 Rxc4 35. Rb5 Kc8 36. Ra2 Kb8 37. Ra6 Re7 38. Rbb6 Rxd4 39. Rxe6 Rxe6
40. Rxe6 Re4 41. Kh3 Kc7 42. Re7+ Kc6 43. Re8 b5 44. e6 b4 45. Rf8 Kd6 46. Rxf5
Kxe6 0-1

[Event "XV C.to Mondiale Seniores Over 50"]
[Site "Acqui Terme ITA"]
[Date "2015.11.20"]
[Round "10"]
[White "Yasin, Hur"]
[Black "Wiedenkeller, Michael"]
[WhiteElo "2092"]
[BlackElo "2454"]
[Result "0-1"]
[PlyCount "102"]
[EventDate "2015.11.10"]

1. e4 e6 2. d4 d5 3. Nc3 Nf6 4. e5 Nfd7 5. f4 c5 6. Nf3 Nc6 7. Be3 Be7 8. Qd2
O-O 9. a3 b6 10. Bd3 f6 11. Bb5 cxd4 12. Bxc6 dxc3 13. Qxc3 Rb8 14. O-O fxe5
15. fxe5 Ba6 16. Bxd7 Qxd7 17. Rf2 Rbc8 18. Qd2 Qc7 19. Re1 Bc5 20. b4 Be7 21.
Bg5 Bxg5 22. Nxg5 Rxf2 23. Qxf2 Qe7 24. Nf3 Rc3 25. Re3 Rc4 26. Qd2 Qf7 27. h3
Rf4 28. Kh2 h6 29. Qf2 d4 30. Re1 Bb7 31. Rf1 Bxf3 32. Qg3 Qf5 33. Rf2 Qe4 34.
gxf3 Qxe5 35. Kg2 Qf6 36. Re2 e5 37. Rf2 Rf5 38. Kf1 Rg5 39. Qh2 Rf5 40. Ke2
Qc6 41. Kd1 Qc3 42. Qg2 Qa1+ 43. Kd2 Qxa3 44. Qg4 Qxb4+ 45. Kd1 Rg5 46. Qc8+
Qf8 47. Qd7 Qf4 48. Qd5+ Kh7 49. Qb3 e4 50. Ke2 d3+ 51. cxd3 exf3+ 0-1

[Event "XV C.to Mondiale Seniores Over 50"]
[Site "Acqui Terme ITA"]
[Date "2015.11.21"]
[Round "11"]
[White "Bagaturov, Giorgi"]
[Black "Kalegin, Evgenij"]
[WhiteElo "2397"]
[BlackElo "2440"]
[Result "1/2-1/2"]
[PlyCount "20"]
[EventDate "2015.11.10"]

1. d4 Nf6 2. Nf3 g6 3. c4 Bg7 4. g3 O-O 5. Bg2 d6 6. O-O Nbd7 7. Nc3 e5 8. e4
c6 9. h3 exd4 10. Nxd4 Qb6 1/2-1/2

[Event "XV C.to Mondiale Seniores Over 50"]
[Site "Acqui Terme ITA"]
[Date "2015.11.21"]
[Round "11"]
[White "Bellia, Fabrizio"]
[Black "Rozentalis, Eduardas"]
[WhiteElo "2452"]
[BlackElo "2553"]
[Result "0-1"]
[PlyCount "114"]
[EventDate "2015.11.10"]

1. e4 e6 2. d4 d5 3. Nd2 Be7 4. Bd3 c5 5. dxc5 Nf6 6. exd5 Qxd5 7. Ngf3 Nbd7 8.
b4 a5 9. Bc4 Qh5 10. c3 Nd5 11. Ne4 axb4 12. cxb4 Nxb4 13. O-O O-O 14. Bg5 Bxg5
15. Nfxg5 Qxd1 16. Rfxd1 Ne5 17. Bb3 h6 18. Nh3 Ra5 19. Nf4 Bd7 20. Rd4 Na6 21.
Rc1 Bc6 22. Kf1 Ra8 23. h4 Kf8 24. f3 Ke7 25. h5 Rd8 26. Rxd8 Kxd8 27. Bxe6
fxe6 28. Nxe6+ Ke7 29. Nxg7 Bxe4 30. fxe4 Nxc5 31. Nf5+ Ke6 32. Nxh6 Nxe4 33.
Rc7 Nd6 34. g4 Rxa2 35. Nf5 Ne4 36. Nd4+ Kd5 37. Ne2 Nxg4 38. Nf4+ Kd6 39. Rxb7
Rf2+ 40. Ke1 Rxf4 41. h6 Ngf6 42. h7 Rh4 43. Ke2 Nxh7 44. Ke3 Nhf6 45. Ra7 Nd5+
46. Kd3 Ke5 47. Ra8 Rh3+ 48. Kc2 Nc5 49. Re8+ Kd4 50. Rd8 Rh2+ 51. Kd1 Kc4 52.
Rc8 Kd3 53. Ke1 Ne4 54. Rf8 Rg2 55. Rf7 Ra2 56. Kf1 Ne3+ 57. Kg1 Re2 0-1

[Event "XV C.to Mondiale Seniores Over 50"]
[Site "Acqui Terme ITA"]
[Date "2015.11.21"]
[Round "11"]
[White "Bruno, Fabio"]
[Black "Karmov, Mazhmudin"]
[WhiteElo "2420"]
[BlackElo "2209"]
[Result "1-0"]
[PlyCount "53"]
[EventDate "2015.11.10"]

1. c4 e5 2. Nc3 d6 3. g3 f5 4. Bg2 Nf6 5. d4 exd4 6. Qxd4 Nc6 7. Qd2 g6 8. b3
Bg7 9. Bb2 O-O 10. Rd1 Re8 11. Nh3 h6 12. Nf4 Kh7 13. O-O Be6 14. Rfe1 Bf7 15.
Qc2 Rb8 16. c5 Nb4 17. Qb1 Re7 18. cxd6 cxd6 19. h4 Rd7 20. h5 Nxh5 21. Nxh5
gxh5 22. Bh3 Kg8 23. Bxf5 Re7 24. Ne4 Be5 25. Nf6+ Kg7 26. Nd7 Rxd7 27. Bxe5+
1-0

[Event "XV C.to Mondiale Seniores Over 50"]
[Site "Acqui Terme ITA"]
[Date "2015.11.21"]
[Round "11"]
[White "Efimov, Igor"]
[Black "Julia, Ernesto"]
[WhiteElo "2408"]
[BlackElo "2356"]
[Result "1/2-1/2"]
[PlyCount "20"]
[EventDate "2015.11.10"]

1. d4 Nf6 2. Nf3 g6 3. c4 Bg7 4. Nc3 d6 5. Bg5 h6 6. Bh4 O-O 7. e3 Nbd7 8. Be2
e5 9. Qc2 c6 10. O-O Qc7 1/2-1/2

[Event "XV C.to Mondiale Seniores Over 50"]
[Site "Acqui Terme ITA"]
[Date "2015.11.21"]
[Round "11"]
[White "Garcia Palermo, Carlos"]
[Black "Ivanov, Alexander"]
[WhiteElo "2446"]
[BlackElo "2506"]
[Result "1-0"]
[PlyCount "77"]
[EventDate "2015.11.10"]

1. d4 Nf6 2. Bg5 e6 3. e4 h6 4. Bxf6 Qxf6 5. c3 d6 6. Nd2 Nd7 7. Bd3 e5 8. Ne2
Qd8 9. O-O Be7 10. a4 a5 11. Qb3 O-O 12. Rad1 c6 13. f4 Nf6 14. h3 Be6 15. Qc2
Qb6 16. fxe5 dxe5 17. Nc4 Bxc4 18. Bxc4 g6 19. Rf2 Qc7 20. Rdf1 Kg7 21. Qd3
Rac8 22. Kh1 Bd8 23. Ng3 Re8 24. Qe3 Rb8 25. Rf5 b5 26. axb5 cxb5 27. Ba2 b4
28. dxe5 Rxe5 29. Nh5+ gxh5 30. Qg3+ Kf8 31. Qxe5 Qxe5 32. Rxe5 bxc3 33. bxc3
Rb2 34. Bb1 a4 35. Ref5 a3 36. e5 a2 37. Bxa2 Rxa2 38. exf6 Ra6 39. Rxh5 1-0

[Event "XV C.to Mondiale Seniores Over 50"]
[Site "Acqui Terme ITA"]
[Date "2015.11.21"]
[Round "11"]
[White "Kristiansen, Jens"]
[Black "Roselli Mailhe, Bernardo"]
[WhiteElo "2420"]
[BlackElo "2409"]
[Result "1/2-1/2"]
[PlyCount "85"]
[EventDate "2015.11.10"]

1. d4 Nf6 2. c4 g6 3. Nc3 Bg7 4. e4 d6 5. Nf3 O-O 6. Be2 e5 7. d5 a5 8. Bg5 h6
9. Bh4 Na6 10. Nd2 Qe8 11. a3 Bd7 12. b3 Nh7 13. O-O h5 14. f3 Bh6 15. Qc2 Be3+
16. Kh1 f5 17. exf5 gxf5 18. Rae1 Qg6 19. Bd3 Qh6 20. Ndb1 Nc5 21. Nb5 Bxb5 22.
cxb5 Nxd3 23. Qxd3 Bg5 24. Bxg5 Qxg5 25. Nd2 Qg6 26. Rc1 Rf7 27. g4 Rg7 28.
Qxf5 Qxf5 29. gxf5 Nf6 30. Ne4 Nxd5 31. Rfd1 Nf4 32. b6 cxb6 33. Rxd6 b5 34. f6
Rg6 35. Rc7 b4 36. a4 h4 37. h3 b6 38. Rcd7 Rc8 39. Rd8+ Rxd8 40. Rxd8+ Kf7 41.
Rd7+ Kf8 42. Rd8+ Kf7 43. Rd7+ 1/2-1/2

[Event "XV C.to Mondiale Seniores Over 50"]
[Site "Acqui Terme ITA"]
[Date "2015.11.21"]
[Round "11"]
[White "Llanos, Guillermo"]
[Black "Barle, Janez"]
[WhiteElo "2388"]
[BlackElo "2333"]
[Result "1-0"]
[PlyCount "49"]
[EventDate "2015.11.10"]

1. c4 Nc6 2. d4 e5 3. d5 Nce7 4. Bg5 h6 5. Bd2 Nf6 6. Qc2 a5 7. Nf3 Ng6 8. e3
e4 9. Nd4 Bc5 10. Nb3 Bb4 11. a3 Bxd2+ 12. N3xd2 O-O 13. Nc3 Re8 14. Ndxe4 Nxe4
15. Nxe4 d6 16. Nc3 Qf6 17. O-O-O Bf5 18. e4 Bd7 19. Kb1 a4 20. g3 Bg4 21. Be2
Bf3 22. Bxf3 Qxf3 23. Rhe1 Ne5 24. Nb5 Qg2 25. Nxc7 1-0